[Event "RSA-ch U08 Girls"]
[Site "Gauteng"]
[Date "2017.04.07"]
[Round "5"]
[White "Brink, Samantha"]
[Black "Bester, Keira"]
[Result "0-1"]
[WhiteElo "506"]
[BlackElo "724"]
[PlyCount "64"]
[EventDate "2017.04.05"]
[EventType "swiss"]
[EventRounds "11"]
[EventCountry "RSA"]
[SourceTitle "CBM 177 Extra"]
[Source "ChessBase"]
[SourceDate "2017.04.27"]
[SourceVersion "1"]
[SourceVersionDate "2017.04.27"]
[SourceQuality "1"]

1. e4 c5 2. Nf3 a6 3. Bc4 e6 4. Ng5 Qxg5 5. d4 Qxg2 6. Rf1 Qxe4+ 7. Be2 cxd4 8. Qd2 Nc6 9. f3 Qe5 10. a3 Be7 11. b4 d3 12. b5 Qxa1 13. bxc6 Qxb1 14. Bxd3 bxc6 15. Ke2 Qb6 16. Qf4 Nf6 17. Qg3 Qc5 18. Qxg7 Rg8 19. Qh6 Qe5+ 20. Kd2 Qg5+ 21. Qxg5 Rxg5 22. h4 Rd5 23. a4 Bb4+ 24. Kd1 a5 25. Bb2 Ba6 26. Rg1 Bxd3 27. Bxf6 Bf1+ 28. Kc1 Ba3+ 29. Kb1 Rd1+ 30. Ka2 Rb8 31. Rg8+ Bf8 32. Bg7 Bc4# 0-1

[Event "RSA-ch U08 Girls"]
[Site "Gauteng"]
[Date "2017.04.07"]
[Round "4"]
[White "Olivier, Lienke"]
[Black "Brink, Samantha"]
[Result "0-1"]
[WhiteElo "500"]
[BlackElo "506"]
[PlyCount "50"]
[EventDate "2017.04.05"]
[EventType "swiss"]
[EventRounds "11"]
[EventCountry "RSA"]
[SourceTitle "CBM 177 Extra"]
[Source "ChessBase"]
[SourceDate "2017.04.27"]
[SourceVersion "1"]
[SourceVersionDate "2017.04.27"]
[SourceQuality "1"]

1. e4 e6 2. Nf3 Nc6 3. Nc3 Nf6 4. Bc4 Bc5 5. d3 d5 6. exd5 exd5 7. Bxd5 Nxd5 8. Nxd5 Be6 9. Bg5 Qc8 10. Nf6+ Kf8 11. Ne4 Bb6 12. Be3 Ba5+ 13. Bd2 Bb6 14. 0-0 g5 15. Bb4+ Nxb4 16. c3 g4 17. Nfg5 a6 18. cxb4 c6 19. Nxe6+ Kg8 20. N4g5 Bc7 21. h3 Bb8 22. hxg4 fxe6 23. Qb3 Qc7 24. Qxe6+ Kf8 25. Nf7 Qh2# 0-1